00257nam a2200097Ia 4500008004100000100002200041245005200063250000800115260002800123300000800151191201s2012 xx 000 0 und d aRAMANA, Meenakshi 0aTechnical communication principles and practice a2nd c2012bOxfordaNEW DELHI a666